| 000 | 00443nam a22001097a 4500 | ||
|---|---|---|---|
| 005 | 20240926184539.0 | ||
| 008 | 240926b |||||||| |||| 00| 0 eng d | ||
| 245 |
_aCompliance of NCR public elementary of the omnibus policy on kindergarten education : _b(abstract) / _cSharon Pereira-Revuelta. |
||
| 260 |
_aPhilippines: _bPublishers Association of the Philippines, Inc., _cOctober 2018. |
||
| 300 | _aVolume 66, pages 174-175. | ||
| 942 |
_2ddc _cPER |
||
| 999 |
_c21913 _d21913 |
||